| 000 | 00402nam a2200169Ia 4500 | ||
|---|---|---|---|
| 005 | 20240704052229.0 | ||
| 008 | 240331s9999 xx 000 0 und d | ||
| 020 | _a041501400 | ||
| 082 |
_a155 _bGRO |
||
| 100 | _aGrosz, E | ||
| 245 | 0 | _aJacques Lucan a feminist introduction | |
| 260 |
_aLondon _bRoutledge _c1990 |
||
| 300 | _avi, 218 p ., | ||
| 650 | _aPsychology | ||
| 650 | _aFeminism | ||
| 942 | _cL | ||
| 999 |
_c744 _d744 |
||